000 00578nmm a2200193Ia 4500
008 251105s9999||||xx |||||||||||||||||und||
020 _a9789871727186
041 _aspa
100 _aEchevarría, Hugo
245 0 _aLos estudiantes de grado :
_b Sus actividades de investigación
264 _a[Buenos Aires, Argentina] :
_bEduvim,
_c2010
300 _a188 páginas
490 _aCuadernos de investigación
650 _aEducation
700 _aEchevarría, Hugo
700 1 _a Vadori, Gloria
856 _uhttps://public.digitaliapublishing.com/a/14442
942 _cCF
999 _c64976
_d64976